| 000 | 00694nam a22002177a 4500 | ||
|---|---|---|---|
| 003 | OSt | ||
| 005 | 20260311061659.0 | ||
| 008 | 260311b |||||||| |||| 00| 0 eng d | ||
| 020 | _a0-07-247219-7. | ||
| 040 |
_aDWCL Main lib _cOC |
||
| 082 |
_24th ed. _aCirc. 540 H519l 2004 |
||
| 100 | _aHenrickson, Charles H. | ||
| 245 |
_aA laboratory for general, organic and biochemistry _cCharles H. Henrickson |
||
| 250 | _a4th ed. | ||
| 260 |
_aN. Y. : _bMcGraw-Hill Higher Education (Asia), _cc2004. |
||
| 300 |
_avii, 411 p. : _bill. ; _c23 cm. |
||
| 650 | _a1. Chemistry-Laboratory manual. | ||
| 700 | _aLarry C. Byrd | ||
| 700 | _aNorman W. Hunter | ||
| 942 |
_2ddc _cBK-CIRC _e4th ed. _kCirc. _n0 |
||
| 999 |
_c8947 _d8947 |
||